[Event "163 Stay Safe Play From Home"]
[Site "T#646248Emanuel Laske"]
[Date "2020.05.22"]
[Round "1"]
[White "Hoffentlichreichts"]
[Black "Haxhi Baha"]
[Result "1-0"]
[WhiteElo "2391"]
[BlackElo "1923"]
[Annotator "TA"]
[PlyCount "77"]
[EventDate "2020.05.22"]
[EventType "swiss (blitz)"]

{[%evp 9,77,21,12,20,46,10,43,34,81,33,55,41,47,81,107,34,41,43,46,43,51,58,100,54,100,86,93,76,76,43,102,106,343,341,475,339,498,435,516,516,464,397,637,443,734,346,330,330,514,254,245,238,321,317,336,333,1054,891,1381,1377,1133,252,252,251,278,213,233,237,231,218]} 1. Nf3 e6 2. g3 d5 3. Bg2 c6 4. O-O Nd7 5. b3 {[#]} e5 $146 ({Predecessor:} 5... f5 6. Bb2 Ngf6 7. d3 Bc5 8. Nbd2 O-O 9. c4 Qe7 10. Qc2 a5 11. e4 a4 12. cxd5 cxd5 13. exf5 exf5 {½-½ (31) Stryjecki,M (2448)-Skripchenko,A (2456) Koszalin 1999}) 6. Bb2 {A07: Réti Opening: New York and Capablanca Systems.} f6 7. d3 Bd6 8. e4 {White is slightly better.} Ne7 9. Nbd2 O-O 10. d4 exd4 $1 11. Nxd4 {Threatens to win with Ne6.} Nb6 12. c4 (12. Re1 $16) 12... dxc4 $14 13. Nxc4 Nxc4 14. bxc4 {[%cal Bb3c4,Bc4c5][%mdl 32]} Bc5 15. Nb3 Bb6 16. c5 Bc7 17. Qc2 $36 {[%mdl 2048] Keeping Black busy.} Be6 18. Rad1 Qe8 19. Nd4 Bg4 (19... Bxa2 $14 20. Bh3 Ng6) 20. f3 Bh5 $2 {Loses the game.} (20... Bc8 $16) 21. Ne6 $18 {[%mdl 64] [#] Double Attack} Qc8 22. Nxf8 Qxf8 (22... Kxf8 $142 23. Rd2 Bf7) 23. Qb3+ Kh8 24. Qxb7 Ba5 25. e5 {Black must now prevent exf6.} Nd5 $2 (25... Rb8 26. Qxa7 Rxb2 27. Qxa5 Nd5) 26. exf6 gxf6 (26... Nxf6 $142 27. Rf2 Qe8 28. Bxf6 gxf6) 27. f4 (27. Qxc6 $142 Nc3 28. Rd3) 27... Rb8 28. Qxc6 Rxb2 (28... Bxd1 $142 29. Ba1 (29. Qxd5 Be2 $18) 29... Bc3) 29. Qxd5 (29. Rxd5 $142 Be8 30. Qe6) 29... Bxd1 30. Rxd1 {And now Be4 would win.} Rc2 31. c6 Bb6+ 32. Kh1 Rc5 $2 (32... Re2 33. Bf3 Re3) 33. Qe4 f5 34. Qd4+ Qg7 35. Qxg7+ $2 (35. Qd6 h5 36. Re1) 35... Kxg7 36. a4 Rc4 37. h3 Kf6 {[#]} 38. a5 $1 Bxa5 39. Rd6+ {Accuracy: White = 41%, Black = 23%.} 1-0

[Event "163 Stay Safe Play From Home"]
[Site "T#646248Emanuel Laske"]
[Date "2020.05.22"]
[Round "1"]
[White "Lamborghini"]
[Black "Emresenar"]
[Result "1-0"]
[WhiteElo "2201"]
[BlackElo "1738"]
[Annotator "TA"]
[PlyCount "65"]
[EventDate "2020.05.22"]
[EventType "swiss (blitz)"]

{[%evp 12,65,39,45,69,57,65,59,62,39,66,56,61,27,65,22,118,46,108,84,167,167,169,162,166,132,114,122,122,112,236,156,647,82,237,160,582,531,542,510,571,573,647,598,584,547,599,593,592,464,29999,405,377,391,712,724]} 1. e4 e5 2. Nf3 Nc6 3. Bb5 Bc5 4. c3 Nge7 5. d4 exd4 6. cxd4 Bb4+ 7. Nc3 O-O {C64: Ruy Lopez: Classical Defence (3...Bc5) except 4 0-0 Nf6.} 8. d5 {[#]} Nb8 $146 ({Predecessor:} 8... Na5 9. O-O a6 10. Bd3 {1-0 (10) Nad,R-Boldis,N ICCF email 2010}) 9. O-O d6 {White is slightly better.} 10. Nd4 (10. Be3 {is more complex.} Bg4 11. Rc1 c6 12. dxc6 Nbxc6 13. h3) 10... Bd7 11. Bxd7 (11. Bc4 {seems wilder.} c5 12. Nde2 Ng6 13. Ng3 Na6 14. a3) 11... Nxd7 12. Be3 Nc5 13. f3 Ng6 (13... Bxc3 $11 14. bxc3 f5) 14. Rb1 (14. Nce2 $16) 14... Re8 (14... Bxc3 $14 15. bxc3 Qd7) 15. Rc1 {[%cal Bb1c1,Bc1c3,Bc3c2][%mdl 32]} a6 (15... Ba5 $16 {might work better.}) 16. a3 $18 Bxc3 17. Rxc3 Qd7 18. b4 Na4 19. Rc2 Rac8 20. Nf5 {Strongly threatening Qd4.} Ne5 (20... Ne7 $16) 21. Qd4 {[#] And now f4 would win.} g6 $2 (21... f6 $16 22. Rfc1 b5) 22. Ng3 $2 (22. Nh6+ $18 Kf8 23. f4) 22... Nb6 $2 (22... c5 $16 23. dxc6 (23. bxc5 Nxc5 24. Rc3 Qb5 $11) 23... bxc6) 23. Rfc1 c6 $2 (23... Qe7 $16 24. Qd1 Na8) 24. dxc6 bxc6 25. Qxb6 Rb8 26. Qd4 Qb7 27. Bh6 f6 28. h3 Rbd8 29. f4 Nf7 30. Qxf6 {[%csl Gh6][%cal Rf6g7] [#]} c5 (30... Nxh6 $18 31. Rxc6 Qa7+ 32. Kh2 Qe7 33. Qxe7 Rxe7 34. Rxa6 Rf7) 31. Nh5 (31. Qg7# $142) 31... Nxh6 32. Qg5 Qf7 $2 (32... Kh8 33. Qxh6 gxh5 34. bxc5 Qg7 35. Qxh5 dxc5 36. Rxc5 Qd4+ 37. Kh2 Qxe4) 33. Nf6+ {[%mdl 64] Double Attack. Accuracy: White = 51%, Black = 27%.} 1-0

[Event "163 Stay Safe Play From Home"]
[Site "T#646248Emanuel Laske"]
[Date "2020.05.22"]
[Round "1"]
[White "Don59as"]
[Black "Mepe_Nika"]
[Result "0-1"]
[WhiteElo "2040"]
[BlackElo "2319"]
[Annotator "NA RC"]
[PlyCount "66"]
[EventDate "2020.05.22"]
[EventType "swiss (blitz)"]

1. c4 {[%emt 0:00:01]} c6 {[%emt 0:00:00]} 2. Nc3 {[%emt 0:00:02]} d5 {[%emt 0:00:00]} 3. e3 {[%emt 0:00:01]} Nf6 {[%emt 0:00:01]} 4. b3 {[%emt 0:00:00]} Bf5 {[%emt 0:00:01]} 5. Bb2 {[%emt 0:00:01]} e5 {[%emt 0:00:01]} 6. cxd5 {[%emt 0:00:01]} cxd5 {[%emt 0:00:01]} 7. d4 {[%emt 0:00:00]} e4 {[%emt 0:00:01]} 8. Nge2 {[%emt 0:00:01]} Nc6 {[%emt 0:00:01]} 9. Ng3 {[%emt 0:00:01]} Bg4 {[%emt 0:00:00]} 10. Be2 {[%emt 0:00:01]} Bxe2 {[%emt 0:00:01]} 11. Qxe2 {[%emt 0:00:00]} Nb4 {[%emt 0:00:01]} 12. O-O {[%emt 0:00:02]} Nd3 {[%emt 0:00:01]} 13. f3 {[%emt 0:00:03]} Bb4 {[%emt 0:00:03]} 14. fxe4 {[%emt 0:00:03]} Nxb2 {[%emt 0:00:01]} 15. Qxb2 {[%emt 0:00:02]} Bxc3 {[%emt 0:00:00]} 16. Qxc3 {[%emt 0:00:01]} dxe4 {[%emt 0:00:00]} 17. Qb4 {[%emt 0:00:05]} Qe7 {[%emt 0:00:02]} 18. Qxe7+ {[%emt 0:00:01]} Kxe7 {[%emt 0:00:01]} 19. Nf5+ {[%emt 0:00:00]} Kf8 {[%emt 0:00:02]} 20. Rac1 {[%emt 0:00:02]} g6 {[%emt 0:00:01]} 21. Nd6 {[%emt 0:00:02]} Kg7 {[%emt 0:00:01]} 22. Rc7 {[%emt 0:00:03]} Rhf8 {[%emt 0:00:02]} 23. Nxb7 {[%emt 0:00:01]} Nd5 {[%emt 0:00:01]} 24. Rd7 {[%emt 0:00:02]} Nxe3 {[%emt 0:00:01]} 25. Re1 {[%emt 0:00:01]} Nf5 {[%emt 0:00:03]} 26. Rxe4 {[%emt 0:00:01]} Rfe8 {[%emt 0:00:00]} 27. Rxe8 {[%emt 0:00:02]} Rxe8 {[%emt 0:00:00]} 28. Nc5 {[%emt 0:00:04]} Re2 {[%emt 0:00:03]} 29. a4 {[%emt 0:00:03]} Ne3 {[%emt 0:00:02]} 30. g3 {[%emt 0:00:02]} Rg2+ {[%emt 0:00:02]} 31. Kh1 {[%emt 0:00:01]} Rd2 {[%emt 0:00:01]} 32. Ne6+ {[%emt 0:00:02]} Kf6 {[%emt 0:00:02]} 33. Nf4 {[%emt 0:00:00]} Rd1# {[%emt 0:00:01] (Lag: Av=0.45s, max=0.7s)} 0-1

[Event "163 Stay Safe Play From Home"]
[Site "T#646248Emanuel Laske"]
[Date "2020.05.22"]
[Round "1"]
[White "Weltszmerc"]
[Black "Frido-BBB"]
[Result "0-1"]
[WhiteElo "2025"]
[BlackElo "1660"]
[Annotator "TA"]
[PlyCount "76"]
[EventDate "2020.05.22"]
[EventType "swiss (blitz)"]

{[%evp 9,76,47,68,60,99,40,57,63,78,81,68,51,87,57,162,144,143,122,135,85,205,193,200,192,268,226,398,285,261,279,248,94,164,177,216,210,301,320,437,417,413,358,341,236,363,406,372,322,318,318,308,318,404,407,349,266,438,426,591,548,943,867,10900,10245,7970,6083,5210,5210,5161]} 1. d4 d6 2. c4 c6 3. Nf3 Qc7 4. Bf4 Nf6 5. h3 {[#]} b6 $146 ({Predecessor:} 5... Ne4 6. e3 Qa5+ 7. Nbd2 Nxd2 8. Nxd2 Nd7 9. a3 e5 10. b4 Qd8 11. Bg3 g6 {½-½ (33) Knollmueller,P (1838)-Boldt,H (1682) Bergen 2015}) 6. Nc3 {A41: 1 d4 d6: Tartakower System and Modern Defence.} Bb7 7. d5 (7. e4 $16) 7... Nbd7 8. e4 {White is slightly better.} e6 9. dxe6 fxe6 10. Be2 O-O-O 11. O-O Be7 ({Black should try} 11... h6 $14) 12. b4 h6 13. a4 g5 14. Be3 d5 (14... c5 $16) 15. cxd5 $18 Bxb4 {[#]} 16. dxc6 $1 ({Inferior is} 16. Na2 Bc5 $11) 16... Bxc6 (16... Qxc6 $142 17. Nb5 Kb8) 17. Nb5 Nc5 $2 (17... Bxb5 18. axb5 (18. Bxb5 g4 $16) 18... Nxe4) 18. Nxc7 Rxd1 19. Rfxd1 ({Don't do} 19. Bxd1 $6 Kxc7 20. a5 Bb5 $16) 19... Kxc7 20. Bxc5 $2 {[#]} (20. Bd4 $18 {is more deadly.} Rf8 21. Ne5) 20... Bxc5 (20... bxc5 $16 21. e5 Nd5) 21. e5 Ne4 22. Nd4 Nc3 (22... Bxd4 $142 23. Rxd4 Nc5) 23. Nxe6+ Kb7 24. Nxc5+ bxc5 25. Rd2 Re8 26. Bb5 Nxb5 (26... Bxb5 $142 27. axb5 Rxe5 28. Rd7+ Kb6 29. Rdxa7 (29. Raxa7 Nxb5 30. Re7 Rd5 $18) 29... Kxb5) 27. axb5 Bxb5 {[%mdl 4096] Endgame KRR-KRB} 28. Rb1 a6 29. Rd7+ Kc6 30. Rd6+ Kb7 31. Re1 c4 32. e6 h5 $2 (32... Kc7 33. Rdd1 Re7) 33. e7 {White is clearly winning.} g4 34. hxg4 hxg4 35. Rd8 Rxe7 36. Rxe7+ Kb6 37. Rd6+ Ka5 38. Re5 Kb4 {[%mdl 32768] Accuracy: White = 65%, Black = 24%. . Sensor Board Error (Ke4/e5)?} 0-1

[Event "163 Stay Safe Play From Home"]
[Site "T#646248Emanuel Laske"]
[Date "2020.05.22"]
[Round "1"]
[White "Ionutn28"]
[Black "SoulofWolf"]
[Result "0-1"]
[WhiteElo "1744"]
[BlackElo "2133"]
[Annotator "NA RC"]
[PlyCount "94"]
[EventDate "2020.05.22"]
[EventType "swiss (blitz)"]

1. e4 {[%emt 0:00:09]} c6 {[%emt 0:00:00]} 2. d3 {[%emt 0:00:01]} d5 {[%emt 0:00:01]} 3. Nd2 {[%emt 0:00:00]} g6 {[%emt 0:00:01]} 4. Ngf3 {[%emt 0:00:01]} Bg7 {[%emt 0:00:00]} 5. g3 {[%emt 0:00:01]} e5 {[%emt 0:00:01]} 6. Bg2 {[%emt 0:00:00]} Ne7 {[%emt 0:00:02]} 7. O-O {[%emt 0:00:01]} O-O {[%emt 0:00:00]} 8. c3 {[%emt 0:00:02]} h6 {[%emt 0:00:00]} 9. Re1 {[%emt 0:00:02]} Re8 {[%emt 0:00:01]} 10. Nf1 {[%emt 0:00:02]} a5 {[%emt 0:00:01]} 11. Be3 {[%emt 0:00:02]} Kh7 {[%emt 0:00:01]} 12. h4 {[%emt 0:00:02]} f5 {[%emt 0:00:01]} 13. exf5 {[%emt 0:00:01]} Nxf5 {[%emt 0:00:01]} 14. Bc5 {[%emt 0:00:02]} Nd7 {[%emt 0:00:02]} 15. Be3 {[%emt 0:00:02]} Qc7 {[%emt 0:00:01]} 16. N1h2 {[%emt 0:00:02]} c5 {[%emt 0:00:03]} 17. d4 {[%emt 0:00:01]} e4 {[%emt 0:00:02]} 18. Nd2 {[%emt 0:00:04]} c4 {[%emt 0:00:04]} 19. Ndf1 {[%emt 0:00:03]} b5 {[%emt 0:00:01]} 20. Bd2 {[%emt 0:00:01]} Nf6 {[%emt 0:00:01]} 21. Ne3 {[%emt 0:00:01]} Ne7 {[%emt 0:00:04]} 22. Nhg4 {[%emt 0:00:03]} Rf8 {[%emt 0:00:04]} 23. Nxf6+ {[%emt 0:00:01]} Rxf6 {[%emt 0:00:01]} 24. Qe2 {[%emt 0:00:01]} Be6 {[%emt 0:00:02]} 25. Rf1 {[%emt 0:00:01]} Raf8 {[%emt 0:00:00]} 26. Nc2 {[%emt 0:00:01]} h5 {[%emt 0:00:01]} 27. Bg5 {[%emt 0:00:01]} Bg4 {[%emt 0:00:01]} 28. Qe3 {[%emt 0:00:02]} Nf5 {[%emt 0:00:01]} 29. Qd2 {[%emt 0:00:02]} e3 {[%emt 0:00:03]} 30. Nxe3 {[%emt 0:00:01]} Re6 {[%emt 0:00:02]} 31. Nxf5 {[%emt 0:00:01]} Bxf5 {[%emt 0:00:01]} 32. Bf4 {[%emt 0:00:01]} Qd7 {[%emt 0:00:01]} 33. Rae1 {[%emt 0:00:03]} Rfe8 {[%emt 0:00:00]} 34. Rxe6 {[%emt 0:00:01]} Qxe6 {[%emt 0:00:00]} 35. Re1 {[%emt 0:00:00]} Qxe1+ {[%emt 0:00:01]} 36. Qxe1 {[%emt 0:00:01]} Rxe1+ {[%emt 0:00:00]} 37. Kh2 {[%emt 0:00:00]} Be4 {[%emt 0:00:02]} 38. f3 {[%emt 0:00:01]} Bf5 {[%emt 0:00:01]} 39. g4 {[%emt 0:00:00]} hxg4 {[%emt 0:00:01]} 40. fxg4 {[%emt 0:00:00]} Be4 {[%emt 0:00:00]} 41. Kg3 {[%emt 0:00:01]} Re2 {[%emt 0:00:01]} 42. Bxe4 {[%emt 0:00:00]} dxe4 {[%emt 0:00:00]} 43. Bg5 {[%emt 0:00:01]} Bf8 {[%emt 0:00:02]} 44. h5 {[%emt 0:00:00]} gxh5 {[%emt 0:00:01]} 45. Kf4 {[%emt 0:00:00]} hxg4 {[%emt 0:00:01]} 46. Ke5 {[%emt 0:00:00]} Rxb2 {[%emt 0:00:00]} 47. Bf6 {[%emt 0:00:00]} Re2 {[%emt 0:00:01]} 0-1

[Event "163 Stay Safe Play From Home"]
[Site "T#646248Emanuel Laske"]
[Date "2020.05.22"]
[Round "1"]
[White "Trotsky"]
[Black "Lazieri3"]
[Result "0-1"]
[WhiteElo "1552"]
[BlackElo "2113"]
[Annotator "TA"]
[PlyCount "14"]
[EventDate "2020.05.22"]
[EventType "swiss (blitz)"]

{[%evp 9,14,0,0,-23,-7,-1182,-1170]} 1. d4 c6 2. e3 d5 3. c4 Nf6 4. Nc3 Bg4 5. Qc2 e6 6. f3 {D10: Slav Defence: 3 cxd5 (without early Nf3) and 3 Nc3.} Bf5 {[#]} 7. c5 $146 {[%mdl 8192] [#]} (7. Qb3 $11) ({Predecessor:} 7. Bd3 Bxd3 8. Qxd3 Nbd7 9. Nge2 Be7 10. O-O O-O 11. f4 dxc4 12. Qxc4 c5 13. Qd3 cxd4 14. Nxd4 {0-1 (55) Borigas,E-Sugeng,M Jakarta 1997}) 7... Bxc2 0-1

[Event "163 Stay Safe Play From Home"]
[Site "T#646248Emanuel Laske"]
[Date "2020.05.22"]
[Round "2"]
[White "SoulofWolf"]
[Black "Hoffentlichreichts"]
[Result "1-0"]
[WhiteElo "2136"]
[BlackElo "2393"]
[Annotator "TA"]
[PlyCount "63"]
[EventDate "2020.05.22"]
[EventType "swiss (blitz)"]

{[%evp 9,63,29,34,29,46,32,27,10,25,10,18,18,18,-149,41,24,29,13,18,24,14,30,51,51,1567,1558,1589,1512,1722,1636,1802,1609,1921,1880,2001,1960,2320,2230,2378,2316,2633,2589,2380,2339,29985,29986,29986,29987,29986,2804,29990,29991,29991,29992,29993,29994]} 1. Nf3 c6 2. c4 g6 3. e3 Bg7 4. d4 Nf6 5. Be2 O-O 6. O-O {A11: English Opening: 1...c6.} d5 7. h3 Ne4 {[#]} 8. a3 $146 {White has an edge.} ({Predecessor:} 8. Nbd2 e6 9. cxd5 exd5 10. Qc2 Ng5 11. a4 Nxf3+ 12. Nxf3 Bf5 13. Bd3 Bxd3 14. Qxd3 {1-0 (52) Hardwick,M (1498)-Blanchard,A (1348) ICCF email 2015}) 8... f5 9. Nbd2 e6 10. Rb1 Nd7 11. b4 $2 {[#]} (11. Qc2 $11) 11... Ndf6 $2 (11... Nc3 $17 12. Qe1 Nxb1 13. Nxb1 e5 14. dxe5 Nxe5 15. cxd5 Qxd5) 12. Bb2 a5 13. Nxe4 fxe4 14. Ne5 Nd7 15. f4 Nxe5 16. dxe5 Qg5 $2 {[%mdl 8192] [#] Black cannot hold the game after this.} (16... axb4 $14 17. axb4 g5) 17. fxg5 $18 Bd7 18. Rxf8+ Rxf8 19. Qd2 axb4 20. axb4 Ra8 21. Ra1 Rf8 22. Bg4 h5 23. gxh6 Bxh6 24. Ra7 Bc8 25. Ra8 {[%cal Ba7a8,Ba8b8,Bb8b7,Bb7f7][%mdl 32]} Kh7 26. Rb8 Bd7 27. Rxb7 Rf7 28. cxd5 cxd5 29. Bd4 Bf8 30. Qa2 {White mates.} Be8 31. Qa7 Kh6 32. Rxf7 {Accuracy: White = 76%, Black = 58%.} 1-0

[Event "163 Stay Safe Play From Home"]
[Site "T#646248Emanuel Laske"]
[Date "2020.05.22"]
[Round "2"]
[White "Don59as"]
[Black "Trotsky"]
[Result "0-1"]
[WhiteElo "2034"]
[BlackElo "1551"]
[Annotator "NA RC"]
[PlyCount "62"]
[EventDate "2020.05.22"]
[EventType "swiss (blitz)"]

1. c4 {[%emt 0:00:01]} c5 {[%emt 0:00:01]} 2. Nc3 {[%emt 0:00:01]} e6 {[%emt 0:00:00]} 3. e4 {[%emt 0:00:01]} d5 {[%emt 0:00:01]} 4. exd5 {[%emt 0:00:01]} exd5 {[%emt 0:00:00]} 5. Nxd5 {[%emt 0:00:00]} Be6 {[%emt 0:00:02]} 6. Ne3 {[%emt 0:00:02]} Bd6 {[%emt 0:00:01]} 7. Nf3 {[%emt 0:00:01]} Nc6 {[%emt 0:00:01]} 8. Be2 {[%emt 0:00:01]} Nf6 {[%emt 0:00:01]} 9. O-O {[%emt 0:00:01]} Qc7 {[%emt 0:00:00]} 10. h3 {[%emt 0:00:03]} O-O-O {[%emt 0:00:01]} 11. b3 {[%emt 0:00:04]} h5 {[%emt 0:00:01]} 12. Bb2 {[%emt 0:00:01]} Ng4 {[%emt 0:00:01]} 13. Nd5 {[%emt 0:00:02]} Qb8 {[%emt 0:00:07]} 14. d4 {[%emt 0:00:02]} f6 {[%emt 0:00:03]} 15. dxc5 {[%emt 0:00:07]} Nce5 {[%emt 0:00:02]} 16. Nxe5 {[%emt 0:00:02]} fxe5 {[%emt 0:00:01]} 17. hxg4 {[%emt 0:00:04]} e4 {[%emt 0:00:02]} 18. g5 {[%emt 0:00:05]} Bh2+ {[%emt 0:00:07]} 19. Kh1 {[%emt 0:00:01]} h4 {[%emt 0:00:02]} 20. Bg4 {[%emt 0:00:01]} Bg3 {[%emt 0:00:05]} 21. Bxe6+ {[%emt 0:00:03]} Rd7 {[%emt 0:00:01]} 22. Bxd7+ {[%emt 0:00:03]} Kxd7 {[%emt 0:00:02]} 23. Ne3+ {[%emt 0:00:03]} Kc8 {[%emt 0:00:03]} 24. Qd5 {[%emt 0:00:02]} h3 {[%emt 0:00:05]} 25. Qe6+ {[%emt 0:00:01]} Kc7 {[%emt 0:00:02]} 26. Nd5+ {[%emt 0:00:01]} Kd8 {[%emt 0:00:01]} 27. Qe7+ {[%emt 0:00:00]} Kc8 {[%emt 0:00:01]} 28. c6 {[%emt 0:00:02]} hxg2+ {[%emt 0:00:02]} 29. Kxg2 {[%emt 0:00:00]} Rh2+ {[%emt 0:00:02]} 30. Kg1 {[%emt 0:00:01]} Bxf2+ {[%emt 0:00:05]} 31. Rxf2 {[%emt 0:00:02] .} Qg3+ {[%emt 0:00:01] Time (Lag: Av=0.36s, max=0.6s)} 0-1

[Event "163 Stay Safe Play From Home"]
[Site "T#646248Emanuel Laske"]
[Date "2020.05.22"]
[Round "2"]
[White "Weltszmerc"]
[Black "Ionutn28"]
[Result "0-1"]
[WhiteElo "1994"]
[BlackElo "1741"]
[Annotator "NA RC"]
[PlyCount "114"]
[EventDate "2020.05.22"]
[EventType "swiss (blitz)"]

1. d4 {[%emt 0:00:01]} d5 {[%emt 0:00:01]} 2. c4 {[%emt 0:00:00]} Nf6 {[%emt 0:00:00]} 3. Nf3 {[%emt 0:00:00]} e6 {[%emt 0:00:01]} 4. g3 {[%emt 0:00:00]} Bd6 {[%emt 0:00:01]} 5. Bg2 {[%emt 0:00:00]} c6 {[%emt 0:00:01]} 6. O-O {[%emt 0:00:00]} O-O {[%emt 0:00:00]} 7. Nbd2 {[%emt 0:00:00]} Nbd7 {[%emt 0:00:00]} 8. Qc2 {[%emt 0:00:00]} e5 {[%emt 0:00:01]} 9. e4 {[%emt 0:00:00]} dxe4 {[%emt 0:00:01]} 10. Nxe4 {[%emt 0:00:01]} Nxe4 {[%emt 0:00:01]} 11. Qxe4 {[%emt 0:00:01]} Nf6 {[%emt 0:00:01]} 12. Qc2 {[%emt 0:00:01]} exd4 {[%emt 0:00:01]} 13. Nxd4 {[%emt 0:00:01]} Bd7 {[%emt 0:00:01]} 14. Rd1 {[%emt 0:00:02]} Qc7 {[%emt 0:00:02]} 15. Nf5 {[%emt 0:00:01]} Bxf5 {[%emt 0:00:02]} 16. Qxf5 {[%emt 0:00:01]} Rfe8 {[%emt 0:00:04]} 17. Be3 {[%emt 0:00:01]} Rad8 {[%emt 0:00:00]} 18. c5 {[%emt 0:00:01]} Be5 {[%emt 0:00:01]} 19. Rxd8 {[%emt 0:00:01]} Rxd8 {[%emt 0:00:01]} 20. Rb1 {[%emt 0:00:02]} a6 {[%emt 0:00:01]} 21. h3 {[%emt 0:00:01]} Nd5 {[%emt 0:00:02]} 22. Bxd5 {[%emt 0:00:08]} Rxd5 {[%emt 0:00:02]} 23. Qe4 {[%emt 0:00:06]} Bf6 {[%emt 0:00:01]} 24. Kg2 {[%emt 0:00:01]} h6 {[%emt 0:00:01]} 25. b4 {[%emt 0:00:04]} Qe5 {[%emt 0:00:00]} 26. Qxe5 {[%emt 0:00:01]} Bxe5 {[%emt 0:00:00]} 27. Rb3 {[%emt 0:00:01]} f6 {[%emt 0:00:01]} 28. a4 {[%emt 0:00:01]} Kf7 {[%emt 0:00:00]} 29. Kf3 {[%emt 0:00:00]} Ke6 {[%emt 0:00:01]} 30. Ke2 {[%emt 0:00:00]} Bd4 {[%emt 0:00:01]} 31. Rd3 {[%emt 0:00:01]} Bxe3 {[%emt 0:00:01]} 32. Kxe3 {[%emt 0:00:00]} Rxd3+ {[%emt 0:00:01]} 33. Kxd3 {[%emt 0:00:00]} Kd5 {[%emt 0:00:00]} 34. f4 {[%emt 0:00:01]} g6 {[%emt 0:00:01]} 35. g4 {[%emt 0:00:00]} f5 {[%emt 0:00:01]} 36. g5 {[%emt 0:00:02]} h5 {[%emt 0:00:01]} 37. h4 {[%emt 0:00:03]} Ke6 {[%emt 0:00:01]} 38. Kd4 {[%emt 0:00:01]} a5 {[%emt 0:00:02]} 39. b5 {[%emt 0:00:01]} cxb5 {[%emt 0:00:01]} 40. axb5 {[%emt 0:00:00]} a4 {[%emt 0:00:01]} 41. Kc4 {[%emt 0:00:01]} a3 {[%emt 0:00:00]} 42. Kb3 {[%emt 0:00:01]} Kd5 {[%emt 0:00:00]} 43. c6 {[%emt 0:00:01]} bxc6 {[%emt 0:00:02]} 44. b6 {[%emt 0:00:00]} c5 {[%emt 0:00:02]} 45. b7 {[%emt 0:00:01]} c4+ {[%emt 0:00:01]} 46. Kxa3 {[%emt 0:00:01]} Ke4 {[%emt 0:00:01]} 47. b8=Q {[%emt 0:00:00]} Kf3 {[%emt 0:00:02]} 48. Qe5 {[%emt 0:00:00]} Kg4 {[%emt 0:00:00]} 49. Qe3 {[%emt 0:00:02]} Kxh4 {[%emt 0:00:00]} 50. Kb4 {[%emt 0:00:01]} Kg4 {[%emt 0:00:00]} 51. Kxc4 {[%emt 0:00:00]} h4 {[%emt 0:00:00]} 52. Kd3 {[%emt 0:00:00]} h3 {[%emt 0:00:00]} 53. Ke2 {[%emt 0:00:00]} h2 {[%emt 0:00:00]} 54. Qf3+ {[%emt 0:00:01]} Kh4 {[%emt 0:00:01]} 55. Qg2 {[%emt 0:00:01]} h1=Q {[%emt 0:00:01]} 56. Qxh1+ {[%emt 0:00:01]} Kg3 {[%emt 0:00:00]} 57. Qf3+ {[%emt 0:00:01]} Kh2 {[%emt 0:00:01] Czas partii (Lag: Av=0.87s, max=1.5s)} 0-1

[Event "163 Stay Safe Play From Home"]
[Site "T#646248Emanuel Laske"]
[Date "2020.05.22"]
[Round "2"]
[White "Lucknow"]
[Black "Haxhi Baha"]
[Result "1-0"]
[WhiteElo "1837"]
[BlackElo "1921"]
[Annotator "TA"]
[PlyCount "83"]
[EventDate "2020.05.22"]
[EventType "swiss (blitz)"]

{[%evp 9,83,15,12,5,0,12,25,3,6,6,23,-7,0,-21,-19,-33,0,-28,-18,-38,102,-15,14,0,16,0,30,0,106,-9,7,-31,-13,-99,2,-68,-53,-128,-121,-147,-136,-134,0,-87,-89,-101,59,5,9,0,0,-168,25,-107,0,-36,-19,-229,-229,-819,230,-5606,-5481,-1717,-8,-20,0,0,0,0,2,-37,0,-41,83,-66]} 1. d4 d5 2. c4 e5 3. e3 exd4 4. exd4 c6 5. Nf3 Nf6 6. Be2 {C01: French: Exchange Variation.} dxc4 7. Bxc4 Bd6 8. O-O {Threatening Re1+.White has an edge.} O-O 9. Nc3 h6 10. Be3 {[#]} Nbd7 $146 ({Predecessor:} 10... Bg4 11. Qd3 Bxf3 12. gxf3 Nd5 13. Ne4 Bc7 14. Ng3 Nf4 15. Bxf4 Bxf4 16. Rae1 Nd7 {0-1 (41) Lange,M-Schwarz,J Nuremberg 1883}) 11. h3 Nb6 12. Bb3 Bf5 13. Rc1 Re8 14. Qd2 Kh7 (14... Ne4 $15 {keeps the upper hand.} 15. Nxe4 Bxe4) 15. Rfd1 ({White should try} 15. Bxf7 $16 Re7 16. Bb3) 15... Ne4 16. Nxe4 Bxe4 17. Bxf7 {Ne5 is the strong threat.} Re7 {White must now prevent ...Bxf3.} 18. Bb3 Qf8 (18... Bxf3 $1 $11 19. gxf3 Nd5) 19. Ne1 (19. Ne5 $16) 19... Nd5 $11 20. Bxd5 Bxd5 21. b3 (21. Nd3 $11) 21... Rf7 (21... Re6 $1 $17) 22. Qd3+ (22. Qc2+ $11 Kg8 23. Nd3) 22... Kh8 $15 {[%mdl 1024] Black has compensation.} 23. Qg6 (23. Rc2 $15) 23... Re8 $17 {Hoping for ...Rxe3!} 24. Nd3 Rf6 $36 {[%mdl 2048] Black is on the roll.} 25. Qh5 Be4 (25... Rf5 $1 $17 {[%cal Rf5h5]} 26. Qe2 Rg5 $1 {[%mdl 512]}) 26. Ne5 (26. Nc5 $1 $11 {remains equal.}) 26... Bxe5 $1 27. dxe5 Rf5 $2 (27... Rg6 $1 $17 {[%cal Rg6g2]} 28. Rd4 Rxg2+ 29. Kf1 Bg6) 28. Qe2 (28. Qh4 $1 $14 Rfxe5 29. Rd7 (29. Bxa7 $2 Rg5 $19)) 28... Rexe5 29. Qd2 Bd5 30. Bd4 $2 {[#]} (30. Bxa7 $2 Rg5 $19) (30. Rc3 $11 {and White has nothing to worry.}) 30... Re4 $2 (30... Rg5 $1 $19 {[%cal Rg5g2][%mdl 512]} 31. f4 (31. Bxe5 Rxg2+ 32. Kf1 Qf3 $11) 31... Rxg2+ 32. Qxg2 Bxg2 33. Bxe5 Bxh3) 31. Qc3 (31. Qxh6+ $11 {keeps the balance.} Kg8 32. Qg6) 31... Kh7 ({Better is} 31... Rg5 $1 $17 {aiming for ...Rh4.} 32. g4 Qf4 33. Bxa7 (33. Be3 $2 Qf3 $19) 33... h5) 32. Be3 Qf7 33. Qd2 $2 ({But not} 33. Bxa7 Qg6 $1 $17 {[%mdl 512]}) (33. Kh2 $11) 33... Qg6 $19 {Strongly threatening ...Rd4!} 34. Rc3 $2 {[#]} (34. Qc2) 34... Rg5 $4 {[%mdl 8192]} (34... Rd4 $1 $19 {[%csl Gd5][%cal Rg6g2][%mdl 512] and all is fine.} 35. g3 (35. Qxd4 Qxg2#) 35... Rxd2 36. Bxd2 Rh5) 35. Rdc1 $4 {[%mdl 8192]} (35. Bxg5 $18 Qxg5 36. Qxg5 hxg5 37. Re3) 35... Rxg2+ 36. Kf1 Rxe3 $2 (36... Re6 $19 37. Ke2 Qh5+ 38. Kf1 Rh2 39. Qd3+ Be4 40. Ke1 Bxd3 41. Rxd3 {[#]} Qf5 $1 {[%mdl 512]} 42. Kd2 Rxe3 $1 {[%mdl 576] Remove Defender} 43. Rxe3 Qxf2+ 44. Kd3 Qd2+ {[%mdl 64] Double Attack} 45. Kc4 Qxe3 46. Rc3 Qe4+ 47. Kc5 Qd5+ 48. Kb4 Qb5+ 49. Ka3 Qa5#) 37. Qxe3 $11 Rg1+ 38. Ke2 Qh5+ 39. Kd2 Rg2 40. Kd3 Qg6+ 41. Kd2 Rh2 (41... Qf6 $15 {stays ahead.} 42. Rf1 Rh2) 42. Ke1 {[%mdl 32768] Accuracy: White = 23%, Black = 44%. . Sensor Board Error (Ke4/e5)?} (42. Qf4 $16 Rg2 43. Rg3 Rxg3 44. fxg3) 1-0